Gabinete de cuadros mecánicos : están de manifiesto todos los días de las cinco y media de la tarde à las nueve de la noche están de manifiesto todos los días de las cinco y media de la tarde à las nueve de la noche
Descripción Física:
1 f. ; 31 cm
Materias:
Quadres vius
MARC
| LEADER | 00000nam a2200000Ia 4500 | ||
|---|---|---|---|
| 001 | 23552 | ||
| 008 | 160829s1860 xx 000 0 cat d | ||
| 080 | |a RF-17-32 | ||
| 245 | |a Gabinete de cuadros mecánicos : |b están de manifiesto todos los días de las cinco y media de la tarde à las nueve de la noche | ||
| 260 | |a [Barcelona] : |b Impr. de Juan Tarrés, |c 1860 | ||
| 300 | |a 1 f. ; |c 31 cm | ||
| 590 | |a Prové de 931, exp. 14 | ||
| 650 | |a Quadres vius |9 48950 | ||
| 856 | 4 | |u https://media.diba.cat/diba/fitxers/arxiu/fulletons/bib_23552_1860_baixa.pdf |y Accés lliure | |
| 856 | 4 | |u https://media.diba.cat/diba/fitxers/arxiu/fulletons/bib_23552_1860_baixa.pdf |y Accés lliure | |
| 901 | |a Arxiu | ||
| 942 | |n 1 |2 udc | ||
| 952 | |0 0 |1 0 |4 0 |6 RF1732 |7 1 |9 54997 |a Arxiu |b Arxiu |d 2012-08-07 |l 0 |o RF-17-32 |p 23552 |r 2016-12-01 00:00:00 |w 2016-12-01 |y ARXIU | ||
| 999 | |c 58867 |d 58867 | ||
| 900 | |a bib_23552_1860_baixa.pdf | ||